R. Gupta's popular master guide U.G.C. junior research fellowship and lectureship exam NET /SLET Geograpgy, paper II and III (Record no. 3266)

MARC details
000 -LEADER
fixed length control field 00955 a2200229 4500
010 ## - LIBRARY OF CONGRESS CONTROL NUMBER
LC control number ENG-85704
020 ## - INTERNATIONAL STANDARD BOOK NUMBER
Terms of availability 270.00
International Standard Book Number 8178122189
035 ## - SYSTEM CONTROL NUMBER
System control number EN-69237
037 ## - SOURCE OF ACQUISITION
Source of stock number/acquisition D.B.Act / Pub
082 14 - DEWEY DECIMAL CLASSIFICATION NUMBER
Classification number 910
090 ## - LOCALLY ASSIGNED LC-TYPE CALL NUMBER (OCLC); LOCAL CALL NUMBER (OCLC)
-- 3331
-- 3331
100 1# - MAIN ENTRY--PERSONAL NAME
Personal name Lal, Indra Kumar
245 1# - TITLE STATEMENT
Title R. Gupta's popular master guide U.G.C. junior research fellowship and lectureship exam NET /SLET Geograpgy, paper II and III
Statement of responsibility, etc by Indra Kumar Lal and Naseeruddin Khan; edited and compiled by Arvind Mohan Dwivedi
260 ## - PUBLICATION, DISTRIBUTION, ETC. (IMPRINT)
Place of publication, distribution, etc New Delhi
Name of publisher, distributor, etc Ramesh Publishing House
Date of publication, distribution, etc 2008
270 ## - ADDRESS
Address 12-H, New Darya Ganj Road, Opp. Traffic Kotwali
City New Delhi
State or province Delhi :
Postal code 110002
Telephone number 23261647
Fax number 23275124
Electronic mail address info@rameshpublishinghouse.com
300 ## - PHYSICAL DESCRIPTION
Extent xii, 503 p.
Dimensions 23 cm (pbk)
650 ## - SUBJECT ADDED ENTRY--TOPICAL TERM
Topical term or geographic name as entry element Geography
700 ## - ADDED ENTRY--PERSONAL NAME
Personal name Khan, Naseeruddin
700 ## - ADDED ENTRY--PERSONAL NAME
Personal name Dwivedi, Arvind Mohan
942 ## - ADDED ENTRY ELEMENTS (KOHA)
Institution code [OBSOLETE] dpl
Koha item type English Books
Call number prefix 910 / LAL
Holdings
Withdrawn status Lost status Source of classification or shelving scheme Damaged status Not for loan Collection code Home library Current library Source of acquisition Cost, normal purchase price Total Checkouts Full call number Barcode Date last seen Copy number Uniform Resource Identifier Cost, replacement price Price effective from Koha item type Date acquired Total Renewals Date checked out
    Dewey Decimal Classification     Non-fiction Central Library Central Library DBAD/PUB 270.00 8 910LAL B-223450 29/09/2023 1   270.00 15/05/2019 English Books 15/05/2019 7 18/09/2023
    Dewey Decimal Classification   Not For Loan Non-fiction D.B.Act.Division D.B.Act.Division DBAD/PUB 270.00   910 EN-69237 15/09/2008 1 3476 270.00 15/09/2008 English Books      

© Delhi Public Library
Hit Counter
free hit counter